Analýza vplyvu regulačných prvkov na bezpečnosť prevádzky prietokového reaktora diplomová práca

Salvato in:
Dettagli Bibliografici
Autore principale: Frolek, Matúš
Natura: Libro
Lingua:slovacco
Pubblicazione: Bratislava STU FCHPT 2018
Accesso online:Visualizza in OPAC
Tags: Aggiungi Tag
Nessun Tag, puoi essere il primo ad aggiungerne!!

MARC

LEADER 00000nam a2200000 a 4500
005 20260127134311.0
008 180703 2018 xo a 001 0 slo d
035 |a vtls011765093 
039 9 |y 201807031151  |z mschk03 
040 |a STUSCHK1  |b slo  |c STUSCHK1  |e AACR2 
100 1 |a Frolek, Matúš 
245 1 |a Analýza vplyvu regulačných prvkov na bezpečnosť prevádzky prietokového reaktora  |b diplomová práca  |c Matúš Frolek 
260 |a Bratislava  |b STU FCHPT  |c 2018 
300 |a 61 s.  |b il.  |c 25 cm 
500 |a Študijný program: chemické inžinierstvo 
500 |a Študijný odbor: chemické inžinierstvo 
500 |a Školiace pracovisko: Ústav chemického a environmentálneho inžinierstva 
500 |a Evid. číslo: FCHPT-5433-61024 
910 |a SCHK95 
999 |c 9172  |d 9172